Kybernetika

Enregistré dans:
Détails bibliographiques
Format: Publication en série
Publié: 1974
Tags: Ajouter un tag
Pas de tags, Soyez le premier à ajouter un tag!

MARC

LEADER 00000nas a22000003a 4500
001 stu67380
005 20141121235549.0
008 011106s1974----------------------------d
040 |a STU  |b slo 
041 0
245 |a Kybernetika 
260 |c 1974 
500 |a 1-6 
500 |a 6 
500 |a 1974 
773 0 |t Kybernetika :  |w stu_us_cat*stu58935  |x 0023-5954  |7 nnas 
996 |d Vol. 10, 1974  |v Vol. 10  |y 1974  |l II680  |s A  |a 24  |w stu67380_0002